|
|
|
|
| LEADER |
00000nam a22000007a 4500 |
| 005 |
20140819234622.0 |
| 007 |
cr|||| |||| |
| 008 |
140819s2014 es |||||s|||| 00||0 spa d |
| 020 |
|
|
|a 978-84-9031-976-5
|
| 035 |
|
|
|a 12343
|
| 040 |
|
|
|a vLex
|
| 090 |
|
|
|c 5124
|d 5124
|
| 100 |
1 |
|
|a Burzaco Samper, Mara̕
|
| 245 |
1 |
0 |
|a Rǧimen local.
|h [Recurso electrn̤ico] :
|b Esquemas /
|c Mara̕ Burzaco Samper
|
| 256 |
|
|
|a Servicio en ln̕ea
|
| 260 |
|
|
|a Madrid:
|b Dykinson,
|c 2014
|
| 300 |
|
|
|a 1 recurso electrn̤ico
|
| 500 |
|
|
|a Normativa actualizada con las reformas operadas por Ley 27/2013, de 27 de diciembre, de racionalizacin̤ y sostenibilidad de la Administracin̤ Local.
|
| 506 |
1 |
|
|a Disponible solo en los productos indicados
|d vLex Global
|d vLex Global (Academic Edition, excluding Law Schools)
|d vLex Global (U.S. Academic Edition, Law Schools)
|d vLex Global (U.S. Academic Edition, excluding Law Schools)
|d vLex Global (Academic Edition, Law Schools)
|
| 650 |
0 |
4 |
|a Derecho Pb︢lico y Administrativo
|z Espaą
|
| 740 |
0 |
|
|a vLex Libros (Servicio en ln̕ea)
|
| 856 |
4 |
0 |
|u http://vlex.com/source/regimen-local-esquemas-12343
|z Acceso restringido
|
| 942 |
|
|
|c BOOK
|
| 999 |
0 |
|
|a Public and Administrative Law
|